000 00646nam a22002537a 4500
003 UA-OsUOA
001 28399
007 ta
008 20050322b un ||||| |||| 00| 0 ukr d
100 _aТарасова Ю. Л.
090 _a343.13
_bТ19
942 _cBK
040 _aUA-OsUOA
_brus
_cUA-OsUOA
_dUA-OsUOA
245 _aУголовно-процессуальное право
_bКурс лекций
300 _a288 с.
955 _a0
041 _arus
080 _a343.13
020 _a5-94692-964-Х
260 _aМ.
_bИздательство "Экзамен"
_c2004
044 _aRU
650 7 _2UDC
999 _c314766
_d314766